Catálogo
 En Linea

The bamboo swerd and other samurai tales / (Registro nro. 35835)

Detalles MARC
000 -CABECERA
campo de control de longitud fija 00577nam a2200181 a 4500
001 - NÚMERO DE CONTROL
campo de control 000036344
005 - FECHA Y HORA DE LA ÚLTIMA TRANSACCIÓN
campo de control 20200930075659.0
008 - DATOS DE LONGITUD FIJA--INFORMACIÓN GENERAL
campo de control de longitud fija 120113s2005 ja 000 0 spa d
040 ## - FUENTE DE LA CATALOGACIÓN
Centro catalogador/agencia de origen DO-SdBNP
Lengua de catalogación spa
Centro/agencia transcriptor BNPHU
082 ## - NÚMERO DE LA CLASIFICACIÓN DECIMAL DEWEY
Número de clasificación xxxx
Número de documento/Ítem F961b
100 1# - ENTRADA PRINCIPAL--NOMBRE DE PERSONA
Nombre de persona Frew, Gavin
9 (RLIN) 62516
240 10 - TÍTULO UNIFORME
Título uniforme Takemitsu shimatsu
Lenguaje de la obra Japonés
245 10 - MENCIÓN DE TÍTULO
Título The bamboo swerd and other samurai tales /
Mención de responsabilidad, etc. Gavin Frew, translated by Gavin Frew.
260 ## - PUBLICACIÓN, DISTRIBUCIÓN, ETC.
Lugar de publicación, distribución, etc. Tokyo :
Nombre del editor, distribuidor, etc. Kodansha International,
Fecha de publicación, distribución, etc. 2005.
300 ## - DESCRIPCIÓN FÍSICA
Extensión 253 p. ;
Dimensiones 19 cm.
500 ## - NOTA GENERAL
Nota general Título original en japonés
700 12 - PUNTO DE ACCESO ADICIONAL--NOMBRE DE PERSONA
Nombre de persona Frew, Gavin,
Término indicativo de función/relación tr.
9 (RLIN) 62516
Existencias
Estado de retiro Estado de pérdida Restricciones de uso No para préstamo Código de colección Localización permanente Ubicación/localización actual Ubicación en estantería Fecha de adquisición Número de inventario Total de préstamos Signatura topográfica completa Código de barras Fecha visto por última vez Precio válido a partir de Tipo de ítem Koha
      Excluido de préstamo Monografías: Libros y Folletos Patrimonio Dominicano Patrimonio Dominicano En catalogación 16.01.2012 LF1   xxxx F961b 36345-10 25.06.2020 25.06.2020 No se presta

Con tecnología Koha